ბათუმის შოთა რუსთაველის სახელმწიფო უნივერსიტეტის ბიბლიოთეკა

Lippincotts illstrated reviews:cell and molecular biology (ბიბ.ჩანაწერი № 49461)

000 -LEADER
fixed length control field 00700nam a2200241Ia 4500
001 - CONTROL NUMBER
control field 16385
003 - CONTROL NUMBER IDENTIFIER
control field GE_BSU
008 - FIXED-LENGTH DATA ELEMENTS--GENERAL INFORMATION
fixed length control field 181216s||||||||xx |||||||||||||| ||und||
020 ## - INTERNATIONAL STANDARD BOOK NUMBER
International Standard Book Number 9780781792103
040 ## - CATALOGING SOURCE
Transcribing agency GE_BSU
080 ## - UNIVERSAL DECIMAL CLASSIFICATION NUMBER
Universal Decimal Classification number 577.21
100 ## - MAIN ENTRY--PERSONAL NAME
Personal name Chandar nalini,Susan Visell
245 ## - TITLE STATEMENT
Title Lippincotts illstrated reviews:cell and molecular biology
245 ## - TITLE STATEMENT
Statement of responsibility, etc. Series editor: Richard A.Harvey
260 ## - PUBLICATION, DISTRIBUTION, ETC.
Place of publication, distribution, etc. Philadelpia
260 ## - PUBLICATION, DISTRIBUTION, ETC.
Name of publisher, distributor, etc. Lippincott williams wilkins
260 ## - PUBLICATION, DISTRIBUTION, ETC.
Date of publication, distribution, etc. 2010
300 ## - PHYSICAL DESCRIPTION
Extent 236p;iil,28cm
653 ## - INDEX TERM--UNCONTROLLED
Uncontrolled term Lippincotts illstrated reviews:cell and molecular biology
653 ## - INDEX TERM--UNCONTROLLED
Uncontrolled term მოლეკულური ბიოლოგია
942 ## - ADDED ENTRY ELEMENTS (KOHA)
Koha item type წიგნი
ეგზემპლარები
Withdrawn status Lost status Damaged status Not for loan Date acquired Barcode Date last seen Price effective from Koha item type
        2018-12-17 40330 2018-12-17 2018-12-17 წიგნი